000 00690nam a2200289Ia 4500
005 20260324135643.0
008 008 260324s9999 xx 000 0 eng d
020 _a9781315136318
037 _aEBOOK
040 _aCRL
040 _beng
040 _cCRL
041 _2eng
041 _aeng
084 _qCRL
100 _aJohn H. Skillings
_91201391
245 2 _aA First Course in the Design of Experiments
245 2 _bA Linear Models Approach
260 _bTaylor and Francis
260 _c2000
365 _a
365 _b275
856 _uhttp://www.taylorfrancis.com/books/9781315136318
942 _cEBOOK
999 _c1802718
_d1802718